Представление документа в формате RUSMARC

ПолеНазваниеЗначение
  Тип записи a
  Библиографический уровень a
001 Контрольный номер RU/CBS_Ul/BASE/489675468
005 Дата корректировки 20240209175149.1
100 Данные общей обработки __
a Данные общей обработки 20150708d2015 ||| 0rusy0189 ca
101 Язык документа 0_
a Язык текста rus
102 Страна публикации __
a Страна публикации RU
105 Кодированные данные (монография) __
a Кодированные данные (монография) y###||||000|y
200 Заглавие и сведения об ответственности 1_
a Заглавие Длинная дорога
b Общее обозначение материала Текст
e Сведения, относящиеся к заглавию [на мордовском языке]
f Первые сведения об ответственности А. Ганчин
300 Общие примечания __
a Общие примечания Ограничения по возрасту - 12+
461 Уровень набора _0
1 2000
a Сятко/Искра
463 Уровень физической единицы _0
1 001RU/CBS_Ul/BASE/489666434
1 2000
a № 1. С. 44 - 75; № 2. - С. 42-66; № 3. - С. 60-86; № 4. - С. 56-79
v С.43-55
a № 6
1 210
d 2015
606 Тематические рубрики 0_
a Основная рубрика Мордовская литература
610 Ключевые слова 0_
a Ключевые слова романы
a Ключевые слова произведения на мордовском языке
a Ключевые слова мордовская литература
a Ключевые слова произведения на эрзянском языке
686 Индексы других классификаций __
a Классификационный индекс 84(2Рос.Мор)
2 Код системы ББК
700 Автор _1
a Фамилия Ганчин
b Имя (инициалы) А.
801 Источник записи _0
a Страна RU
b Организация МБУК ЦБС г. Ульяновска
c Дата составления 20150708
g Правила каталогизации RCR
801 Источник записи _1
a Страна RU
b Организация МБУК ЦБС г. Ульяновска
c Дата составления 20150708
g Правила каталогизации RCR
901 Тип документа __
t Тип документа b
w Контрольный № источника RU/CBS_Ul/BASE/489666434
910 Корректоры записи __
a Корректор записи admin2
938 Служебная информация __
a Имя БД period